[Event "Plzen A1 12th"]
[Site "Plzen"]
[Date "2024.02.17"]
[Round "1"]
[White "Folk, Petr"]
[Black "Petr, Martin"]
[Result "0-1"]
[WhiteElo "2073"]
[BlackElo "2469"]
[PlyCount "58"]
[EventDate "2024.02.17"]
[EventType "tourn"]
[EventRounds "9"]
[EventCountry "CZE"]
[EventCategory "1"]
[SourceTitle "CB09_2024"]
[SourceDate "2024.02.28"]
[SourceVersion "1"]
[SourceVersionDate "2024.02.28"]
[SourceQuality "1"]

1. e4 e6 2. d4 d5 3. Nd2 c5 4. Ngf3 cxd4 5. Nxd4 Nc6 6. Bb5 Bd7 7. Nxc6 bxc6 8. Bd3 Bd6 9. 0-0 Qc7 10. h3 Ne7 11. Nf3 e5 12. Nh4 0-0 13. g4 Rad8 14. Nf5 Be6 15. Qf3 f6 16. Bd2 g6 17. Nxd6 Qxd6 18. Bh6 Rf7 19. Qg3 Qb4 20. b3 g5 21. a3 Qd4 22. Rad1 dxe4 23. Bc4 Qxd1 24. Bxe6 Qd6 25. Bxf7+ Kxf7 26. h4 Rg8 27. Qe3 gxh4 28. Qxe4 f5 29. Qc4+ Nd5 0-1

[Event "Klatovy op-A 29th"]
[Site "Klatovy"]
[Date "2023.07.09"]
[Round "9"]
[White "Folk, Petr"]
[Black "Filindash, Nikita"]
[Result "1/2-1/2"]
[WhiteElo "2131"]
[BlackElo "2011"]
[PlyCount "91"]
[EventDate "2023.07.01"]
[EventType "swiss"]
[EventRounds "9"]
[EventCountry "CZE"]
[SourceTitle "CBM 215 Extra"]
[Source "ChessBase"]
[SourceDate "2023.09.30"]
[SourceVersion "1"]
[SourceVersionDate "2023.09.30"]
[SourceQuality "1"]

1. e4 c5 2. Nf3 d6 3. d4 cxd4 4. Nxd4 Nf6 5. Nc3 a6 6. Be2 e5 7. Nb3 Be7 8. 0-0 0-0 9. Kh1 b5 10. a4 b4 11. Nd5 a5 12. Be3 Nbd7 13. f3 Bb7 14. c4 bxc3 15. bxc3 Nxd5 16. exd5 Qc7 17. c4 Ba6 18. Qd2 Bb7 19. Rab1 Rfb8 20. Rfd1 Bd8 21. c5 Nxc5 22. Nxc5 dxc5 23. d6 Qd7 24. Bb5 Bc6 25. Qd3 Bxb5 26. axb5 Bb6 27. Qc4 Rc8 28. Qe4 a4 29. Ra1 Qxb5 30. Rab1 Qa5 31. d7 Rd8 32. Qc6 Rab8 33. Rb5 Qa7 34. Bxc5 Bxc5 35. Rxb8 Qxb8 36. Qxc5 a3 37. h3 Qa8 38. Qxe5 a2 39. Re1 h6 40. Qe8+ Kh7 41. Qe5 Rxd7 42. Qf5+ Kg8 43. Qxd7 a1Q 44. Rxa1 Qxa1+ 45. Kh2 Qe5+ 46. Kg1 1/2-1/2

[Event "EU-ch Seniors 50 22nd"]
[Site "Acqui Terme"]
[Date "2023.05.31"]
[Round "6"]
[White "Folk, Petr"]
[Black "Zimmermann, Luc"]
[Result "1/2-1/2"]
[WhiteElo "2135"]
[BlackElo "2037"]
[PlyCount "92"]
[EventDate "2023.05.26"]
[EventType "swiss"]
[EventRounds "9"]
[EventCountry "ITA"]
[SourceTitle "CBM 214 Extra"]
[Source "ChessBase"]
[SourceDate "2023.07.31"]
[SourceVersion "1"]
[SourceVersionDate "2023.07.31"]
[SourceQuality "1"]

1. e4 e6 2. d4 d5 3. Nc3 Nf6 4. Bg5 h6 5. Bxf6 Qxf6 6. exd5 Bb4 7. Bc4 0-0 8. Nge2 exd5 9. Bxd5 Rd8 10. 0-0 Bxc3 11. Nxc3 Nc6 12. Bxc6 bxc6 13. Re1 Bf5 14. Re5 Rab8 15. Qf3 Bxc2 16. Qxf6 gxf6 17. Re2 Bd3 18. Rd2 Rxd4 19. Rad1 Rbd8 20. f3 R4d6 21. Kf2 Kf8 22. Rc1 Ke7 23. Ne2 Bb5 24. Rxd6 Rxd6 25. Rc2 Bxe2 26. Kxe2 Kd7 27. b3 Rd5 28. Rc4 Ra5 29. a4 Rh5 30. h4 c5 31. Ke3 Rd5 32. Kf4 Ke6 33. Ke4 f5+ 34. Ke3 Kd6 35. g4 fxg4 36. fxg4 Rd1 37. Ke4 Re1+ 38. Kf5 Rf1+ 39. Rf4 Rxf4+ 40. Kxf4 Ke6 41. Ke4 f6 42. a5 a6 43. Kf4 Ke7 44. Ke4 Ke6 45. h5 c6 46. Kf4 Ke7 1/2-1/2

[Event "EU-ch Seniors 50 22nd"]
[Site "Acqui Terme"]
[Date "2023.05.29"]
[Round "4"]
[White "Folk, Petr"]
[Black "Battistella, Stefano"]
[Result "1/2-1/2"]
[WhiteElo "2135"]
[BlackElo "2006"]
[PlyCount "109"]
[EventDate "2023.05.26"]
[EventType "swiss"]
[EventRounds "9"]
[EventCountry "ITA"]
[SourceTitle "CBM 214 Extra"]
[Source "ChessBase"]
[SourceDate "2023.07.31"]
[SourceVersion "1"]
[SourceVersionDate "2023.07.31"]
[SourceQuality "1"]

1. e4 c5 2. Nf3 Nc6 3. d4 cxd4 4. Nxd4 e5 5. Nb5 d6 6. N1c3 a6 7. Na3 Be6 8. Nc4 b5 9. Ne3 Nf6 10. a3 Be7 11. g3 0-0 12. Bg2 Rb8 13. Ncd5 a5 14. 0-0 b4 15. axb4 axb4 16. Ra6 Bxd5 17. Nxd5 Nxd5 18. Rxc6 Nc7 19. Be3 Qd7 20. Rc4 Rb7 21. Qd2 Qb5 22. b3 Ra8 23. Rd1 Rab8 24. Ra1 h6 25. Ra4 d5 26. exd5 Bd6 27. Bxh6 Ne8 28. Be3 Nc7 29. Rc6 Rd8 30. Ra1 Rbb8 31. Rd1 Ne8 32. Bf1 Qb7 33. Ra6 Ra8 34. Rda1 Rxa6 35. Rxa6 Ra8 36. Rxa8 Qxa8 37. Bb5 Nf6 38. Bc6 Qa1+ 39. Kg2 Ne4 40. Qd3 Nf6 41. h3 e4 42. Qd4 Qa6 43. Qc4 Qc8 44. Bc5 Be5 45. Bxb4 e3 46. fxe3 Qf5 47. g4 Qg5 48. Bc3 Qxe3 49. Bxe5 Ne4 50. Qd4 Qe2+ 51. Kg1 Qe1+ 52. Kg2 Qe2+ 53. Kg1 Qe1+ 54. Kh2 Qe2+ 55. Kg1 1/2-1/2

[Event "Plzen op 11th"]
[Site "Plzen"]
[Date "2023.03.07"]
[Round "5"]
[White "Wiley, Tom E"]
[Black "Folk, Petr"]
[Result "1/2-1/2"]
[WhiteElo "2125"]
[BlackElo "2132"]
[PlyCount "77"]
[EventDate "2023.03.04"]
[EventType "swiss"]
[EventRounds "9"]
[EventCountry "CZE"]
[SourceTitle "CBM 213 Extra"]
[Source "ChessBase"]
[SourceDate "2023.05.31"]
[SourceVersion "1"]
[SourceVersionDate "2023.05.31"]
[SourceQuality "1"]

1. d4 Nf6 2. c4 g6 3. Nc3 Bg7 4. e4 d6 5. Nf3 0-0 6. Be2 Bg4 7. Be3 Nfd7 8. 0-0 Nc6 9. d5 Bxf3 10. Bxf3 Na5 11. Be2 Nb6 12. Bd4 Bxd4 13. Qxd4 c5 14. dxc6 Nxc6 15. Qe3 Ne5 16. b3 Qc8 17. Nd5 Nxd5 18. cxd5 Qc5 19. Qxc5 dxc5 20. Rac1 Rac8 21. f4 Nd7 22. Rfd1 a6 23. e5 Rfd8 24. d6 exd6 25. Rxd6 Nf8 26. Bg4 f5 27. Bf3 Rxd6 28. exd6 b6 29. b4 Nd7 30. Bb7 Rd8 31. Bxa6 cxb4 32. Rc8 Rxc8 33. Bxc8 Nc5 34. d7 Ne6 35. Ba6 Kf8 36. Bc4 Nd8 37. Kf2 Ke7 38. Bg8 Kf8 39. Bd5 1/2-1/2

[Event "Plzen op 11th"]
[Site "Plzen"]
[Date "2023.03.04"]
[Round "1"]
[White "Pozniak, Yunna"]
[Black "Folk, Petr"]
[Result "0-1"]
[WhiteElo "1685"]
[BlackElo "2132"]
[PlyCount "70"]
[EventDate "2023.03.04"]
[EventType "swiss"]
[EventRounds "9"]
[EventCountry "CZE"]
[SourceTitle "CBM 213 Extra"]
[Source "ChessBase"]
[SourceDate "2023.05.31"]
[SourceVersion "1"]
[SourceVersionDate "2023.05.31"]
[SourceQuality "1"]

1. e4 c5 2. c3 Nf6 3. e5 Nd5 4. d4 cxd4 5. Nf3 Nc6 6. cxd4 d6 7. Bc4 dxe5 8. Bxd5 Qxd5 9. Nc3 Qd6 10. d5 Nd4 11. Nxd4 exd4 12. Qxd4 e5 13. Qe4 f5 14. Qe2 Kf7 15. 0-0 Bd7 16. Re1 a6 17. Bd2 Re8 18. a3 Qg6 19. Qc4 Bd6 20. b4 Rhf8 21. b5 e4 22. bxa6 bxa6 23. Rab1 Kg8 24. Rb7 Rf7 25. Rb3 Rfe7 26. Qf1 f4 27. Ne2 e3 28. Bb4 f3 29. Bxd6 fxe2 30. Rxe2 exf2+ 31. Rxf2 Qxd6 32. Rb1 Bb5 33. Qd1 h6 34. h3 Re5 35. Rd2 Rd8 0-1

[Event "CZE-chT2A 2223"]
[Site "Czech Republic"]
[Date "2022.11.20"]
[Round "3.3"]
[White "Hlozek, David"]
[Black "Folk, Petr"]
[Result "1-0"]
[WhiteElo "1997"]
[BlackElo "2138"]
[PlyCount "69"]
[EventDate "2022.10.16"]
[EventType "team-tourn"]
[EventRounds "11"]
[EventCountry "CZE"]
[SourceTitle "EXT 2024"]
[Source "ChessBase"]
[SourceDate "2023.10.10"]
[SourceVersion "1"]
[SourceVersionDate "2023.10.10"]
[SourceQuality "1"]
[WhiteTeam "Plzen"]
[BlackTeam "Line II"]
[WhiteTeamCountry "CZE"]
[BlackTeamCountry "CZE"]

1. e4 c5 2. Nf3 Nc6 3. d4 cxd4 4. Nxd4 e6 5. Nc3 Qc7 6. Be3 a6 7. Qf3 Nf6 8. Qg3 Qxg3 9. hxg3 Be7 10. Be2 d6 11. 0-0-0 Nxd4 12. Bxd4 b5 13. e5 dxe5 14. Bxe5 Bb7 15. Bf3 Bxf3 16. gxf3 0-0 17. Bd6 Bxd6 18. Rxd6 Rfd8 19. Rhd1 Rxd6 20. Rxd6 Kf8 21. Rb6 g5 22. Kd2 h5 23. Ne4 Nxe4+ 24. fxe4 Kg7 25. Ke2 e5 26. Kf3 f6 27. Rc6 Kg6 28. b3 g4+ 29. Ke3 Kg5 30. c4 bxc4 31. bxc4 a5 32. c5 a4 33. Rc7 Rd8 34. c6 Rd4 35. Rc8 1-0

[Event "CZE-ch"]
[Site "Plzen"]
[Date "2020.08.27"]
[Round "5"]
[White "Folk, Petr"]
[Black "Simek, Petr1111"]
[Result "1/2-1/2"]
[WhiteElo "2122"]
[BlackElo "2324"]
[PlyCount "92"]
[EventDate "2020.08.23"]
[EventType "swiss"]
[EventRounds "9"]
[EventCountry "CZE"]
[SourceTitle "CBM 198 Extra"]
[Source "ChessBase"]
[SourceDate "2020.11.30"]
[SourceVersion "1"]
[SourceVersionDate "2020.11.30"]
[SourceQuality "1"]

1. e4 c5 2. Nf3 Nc6 3. d4 cxd4 4. Nxd4 Nf6 5. Nc3 e5 6. Ndb5 d6 7. Bg5 a6 8. Na3 b5 9. Nd5 Be7 10. Bxf6 Bxf6 11. c4 b4 12. Nc2 0-0 13. g3 a5 14. b3 g6 15. Bg2 Bg7 16. 0-0 Be6 17. Qd2 Ra7 18. a3 bxa3 19. Rxa3 Qb8 20. Nc3 Rc8 21. Nb5 Rd7 22. Rd1 Bf8 23. Raa1 Be7 24. h4 Kg7 25. Kh2 Rf8 26. Ne3 Qb6 27. Nd5 Bxd5 28. Qxd5 Nb4 29. Qd2 f5 30. Nc3 Rdd8 31. Rf1 f4 32. Bh3 Rf6 33. Na4 Qa7 34. Nb2 Qb6 35. Na4 Qc7 36. Nc3 Rdf8 37. Nd5 Nxd5 38. Qxd5 Qb6 39. c5 dxc5 40. Qxe5 Bd6 41. Qc3 Qb4 42. Qxb4 axb4 43. Rad1 fxg3+ 44. fxg3 Rxf1 45. Rxf1 Rxf1 46. Bxf1 h5 1/2-1/2

[Event "CZE-ch"]
[Site "Plzen"]
[Date "2020.08.25"]
[Round "3"]
[White "Folk, Petr"]
[Black "Gnojek, Petr"]
[Result "1/2-1/2"]
[WhiteElo "2122"]
[BlackElo "2225"]
[PlyCount "107"]
[EventDate "2020.08.23"]
[EventType "swiss"]
[EventRounds "9"]
[EventCountry "CZE"]
[SourceTitle "CBM 198 Extra"]
[Source "ChessBase"]
[SourceDate "2020.11.30"]
[SourceVersion "1"]
[SourceVersionDate "2020.11.30"]
[SourceQuality "1"]

1. e4 d6 2. d4 Nf6 3. Nc3 g6 4. f4 Bg7 5. Nf3 0-0 6. Bd3 Nc6 7. 0-0 e5 8. dxe5 dxe5 9. f5 Nb4 10. Bg5 Nxd3 11. cxd3 gxf5 12. Kh1 h6 13. Bh4 Qd6 14. exf5 Bxf5 15. d4 Ng4 16. dxe5 Qxd1 17. Nxd1 Be4 18. Nc3 Bxf3 19. Rxf3 Nxe5 20. Rf5 Ng6 21. Bg3 Ne7 22. Rb5 b6 23. Bxc7 Rac8 24. Be5 Rfd8 25. Bxg7 Kxg7 26. Re1 Rd2 27. Kg1 Ng6 28. Re2 Rcd8 29. Kf2 R2d4 30. g3 f6 31. a4 Ne5 32. a5 R8d6 33. axb6 axb6 34. Kg2 Kg6 35. Ne4 Re6 36. Nc3 Rc6 37. Nd5 Rc5 38. Nf4+ Kf5 39. Rxb6 Re4 40. Rf2 Ng4 41. Nd3+ Nxf2 42. Nxc5 Re2 43. Kf3 Rc2 44. Nd7 Ng4 45. Rb5+ Ne5+ 46. Nxe5 fxe5 47. h3 h5 48. g4+ hxg4+ 49. hxg4+ Kf6 50. g5+ Kxg5 51. Rxe5+ Kf6 52. Re2 Rxe2 53. Kxe2 Ke6 54. Kd2 1/2-1/2

[Event "CZE-ch"]
[Site "Plzen"]
[Date "2020.08.24"]
[Round "2"]
[White "Toman, Ondrej"]
[Black "Folk, Petr"]
[Result "1/2-1/2"]
[WhiteElo "2233"]
[BlackElo "2122"]
[PlyCount "97"]
[EventDate "2020.08.23"]
[EventType "swiss"]
[EventRounds "9"]
[EventCountry "CZE"]
[SourceTitle "CBM 198 Extra"]
[Source "ChessBase"]
[SourceDate "2020.11.30"]
[SourceVersion "1"]
[SourceVersionDate "2020.11.30"]
[SourceQuality "1"]

1. d4 Nf6 2. Bg5 e6 3. e4 h6 4. Bxf6 Qxf6 5. Nc3 d6 6. Nf3 g5 7. e5 Qe7 8. Bb5+ Bd7 9. Qe2 Bg7 10. 0-0-0 a6 11. Bxd7+ Nxd7 12. exd6 cxd6 13. Rd3 Nb6 14. h4 0-0-0 15. a4 Qd7 16. b3 g4 17. Nd2 h5 18. a5 Nd5 19. Nxd5 exd5 20. Re1 Bf6 21. g3 Kb8 22. Nb1 Rc8 23. Qd2 Bg7 24. Kb2 Bh6 25. Qb4 Rhe8 26. Rdd1 Qc6 27. Na3 f5 28. Rxe8 Rxe8 29. Re1 Re4 30. Rxe4 fxe4 31. Qe1 Qe8 32. Nb1 Qb5 33. Na3 Qe8 34. c3 e3 35. fxe3 Qxe3 36. Nc2 Qe4 37. b4 Kc7 38. Qxe4 dxe4 39. d5 Bd2 40. Nd4 Be1 41. Ne2 Kd7 42. Kc2 Ke7 43. Kd1 Bf2 44. Kd2 Kf7 45. c4 Ke7 46. b5 Kd7 47. Kd1 Ke7 48. Kd2 Kd7 49. Kd1 1/2-1/2

[Event "CZE-ch"]
[Site "Plzen"]
[Date "2020.08.23"]
[Round "1"]
[White "Folk, Petr"]
[Black "Orsag, Milan"]
[Result "0-1"]
[WhiteElo "2122"]
[BlackElo "2300"]
[PlyCount "100"]
[EventDate "2020.08.23"]
[EventType "swiss"]
[EventRounds "9"]
[EventCountry "CZE"]
[SourceTitle "CBM 198 Extra"]
[Source "ChessBase"]
[SourceDate "2020.11.30"]
[SourceVersion "1"]
[SourceVersionDate "2020.11.30"]
[SourceQuality "1"]

1. e4 c5 2. Nf3 e6 3. Nc3 a6 4. d4 cxd4 5. Nxd4 Nc6 6. Nxc6 bxc6 7. Bd3 d5 8. 0-0 Nf6 9. Re1 Be7 10. e5 Nd7 11. Qg4 Kf8 12. Na4 h5 13. Qe2 Bb7 14. b3 c5 15. Ba3 Qc7 16. c4 d4 17. Rad1 g6 18. Be4 Rb8 19. Bxb7 Rxb7 20. Rd3 h4 21. Qe4 Rh5 22. f4 Rb8 23. Rh3 Nb6 24. g4 Rh8 25. Nb2 a5 26. Nd3 a4 27. Rf1 axb3 28. f5 gxf5 29. gxf5 Rg8+ 30. Kh1 Nxc4 31. f6 Nxa3 32. fxe7+ Qxe7 33. axb3 c4 34. bxc4 Nxc4 35. Qxh4 Qxh4 36. Rxh4 Ne3 37. Rc1 Nf5 38. Rh7 Ne7 39. Rf1 Rg7 40. Rh8+ Rg8 41. Rh7 Nf5 42. Ra1 Ke8 43. Nc5 Rf8 44. Ne4 Kd7 45. Nf6+ Kc6 46. Rc1+ Kb5 47. Nd7 Rh8 48. Rxf7 Rbg8 49. Nf6 Ng3+ 50. Kg2 Ne2+ 0-1

[Event "Prague op"]
[Site "Prague"]
[Date "2020.02.18"]
[Round "5"]
[White "Mica, Marek"]
[Black "Folk, Petr"]
[Result "1-0"]
[WhiteElo "2313"]
[BlackElo "2160"]
[PlyCount "49"]
[EventDate "2020.02.14"]
[EventType "swiss"]
[EventRounds "9"]
[EventCountry "CZE"]
[SourceTitle "CBM 195 Extra"]
[Source "ChessBase"]
[SourceDate "2020.05.31"]
[SourceVersion "1"]
[SourceVersionDate "2020.05.31"]
[SourceQuality "1"]

1. d4 Nf6 2. Bf4 g6 3. Nc3 d5 4. e3 Bg7 5. h4 c6 6. Be2 h6 7. Nf3 Bg4 8. Ne5 Bxe2 9. Qxe2 Nbd7 10. 0-0-0 Qa5 11. Kb1 Nxe5 12. Bxe5 b5 13. Qd3 0-0 14. f3 b4 15. Ne2 Qb5 16. Nf4 Rfd8 17. g4 Ne8 18. Bxg7 Kxg7 19. Qd2 Nd6 20. Nd3 Rab8 21. Qh2 f6 22. g5 Nf5 23. gxf6+ exf6 24. Qc7+ Kh8 25. Nf4 1-0

[Event "CZE-chT2A 1920"]
[Site "Czech Republic"]
[Date "2020.02.09"]
[Round "8.4"]
[White "Folk, Petr"]
[Black "Vojta, Tomas"]
[Result "0-1"]
[WhiteElo "2121"]
[BlackElo "2353"]
[PlyCount "130"]
[EventDate "2019.10.13"]
[EventType "team-tourn"]
[EventRounds "11"]
[EventCountry "CZE"]
[SourceTitle "EXT 2024"]
[Source "ChessBase"]
[SourceDate "2023.10.10"]
[SourceVersion "1"]
[SourceVersionDate "2023.10.10"]
[SourceQuality "1"]
[WhiteTeam "Klatovy"]
[BlackTeam "Vlasim II"]
[WhiteTeamCountry "CZE"]
[BlackTeamCountry "CZE"]

1. e4 d5 2. exd5 Nf6 3. d4 Bg4 4. Be2 Bxe2 5. Qxe2 Qxd5 6. Nf3 Nc6 7. c4 Qf5 8. 0-0 e6 9. d5 Nb4 10. a3 Nc2 11. Ra2 Bc5 12. b4 Nd4 13. Nxd4 Bxd4 14. Nd2 c5 15. dxc6 bxc6 16. Nf3 Bb6 17. Qe5 Qxe5 18. Nxe5 c5 19. Re1 Rc8 20. Bd2 Bc7 21. Nd3 Bd6 22. b5 Ke7 23. Ba5 Nd7 24. a4 Rb8 25. Bc3 Rhg8 26. g3 g6 27. Be5 Rgd8 28. Bxd6+ Kxd6 29. Rd2 Ke7 30. Red1 Nb6 31. Ne5 Rxd2 32. Rxd2 Rb7 33. a5 Nc8 34. Nc6+ Kf6 35. Rd8 Ne7 36. a6 Rc7 37. Nb8 Ke5 38. Rd7 Rxd7 39. Nxd7+ Kd6 40. b6 Nc6 41. bxa7 Nxa7 42. Nf6 h6 43. Ne4+ Kc6 44. f4 Nc8 45. Kf2 Kb6 46. Ke3 f5 47. Nd2 Nd6 48. Kd3 Kxa6 49. Nf3 Nf7 50. h3 Kb6 51. g4 Kc7 52. gxf5 gxf5 53. Ke3 Kd6 54. Nh4 Nh8 55. Kd3 Ke7 56. Ke3 Kf6 57. Kd3 Ng6 58. Ng2 e5 59. fxe5+ Nxe5+ 60. Kc3 Kg5 61. h4+ Kg4 62. Ne3+ Kf4 63. Nd5+ Kg3 64. h5 f4 65. Nf6 f3 0-1

[Event "CZE-chT2A 1920"]
[Site "Czech Republic"]
[Date "2020.01.12"]
[Round "6.4"]
[White "Folk, Petr"]
[Black "Haba, Zdenek"]
[Result "1/2-1/2"]
[WhiteElo "2121"]
[BlackElo "2166"]
[PlyCount "35"]
[EventDate "2019.10.13"]
[EventType "team-tourn"]
[EventRounds "11"]
[EventCountry "CZE"]
[SourceTitle "EXT 2024"]
[Source "ChessBase"]
[SourceDate "2023.10.10"]
[SourceVersion "1"]
[SourceVersionDate "2023.10.10"]
[SourceQuality "1"]
[WhiteTeam "Klatovy"]
[BlackTeam "Praha Mahrla"]
[WhiteTeamCountry "CZE"]
[BlackTeamCountry "CZE"]

1. e4 g6 2. d4 Bg7 3. Nc3 c5 4. dxc5 Qa5 5. Bd2 Qxc5 6. Nd5 b6 7. Bb4 Qc6 8. Nf3 Ba6 9. Nd4 Qb7 10. Bb5 Nf6 11. 0-0 Nxd5 12. exd5 Qxd5 13. Qe2 0-0 14. Bxa6 Nxa6 15. Qxa6 Qxd4 16. Bxe7 Rfe8 17. Rad1 Qxb2 18. Rxd7 1/2-1/2

[Event "CZE-chT1W 1920"]
[Site "Czech Republic"]
[Date "2019.12.08"]
[Round "4.5"]
[White "Folk, Petr"]
[Black "Rut, Vojtech"]
[Result "1-0"]
[WhiteElo "2129"]
[BlackElo "2117"]
[PlyCount "95"]
[EventDate "2019.10.20"]
[EventType "team-tourn"]
[EventRounds "11"]
[EventCountry "CZE"]
[SourceTitle "CBM 193 Extra"]
[Source "ChessBase"]
[SourceDate "2020.01.31"]
[SourceVersion "1"]
[SourceVersionDate "2020.01.31"]
[SourceQuality "1"]
[WhiteTeam "Line"]
[BlackTeam "Vysehrad"]
[WhiteTeamCountry "CZE"]
[BlackTeamCountry "CZE"]

1. e4 Nf6 2. e5 Nd5 3. d4 d6 4. c4 Nb6 5. exd6 exd6 6. Nc3 Nc6 7. h3 Bf5 8. Be3 Be7 9. Nf3 Bf6 10. Be2 0-0 11. 0-0 d5 12. b3 Re8 13. c5 Nc8 14. Rc1 N8e7 15. g4 Be6 16. g5 Bxh3 17. gxf6 Nf5 18. Bg5 h6 19. Qd2 Rxe2 20. Nxe2 Bxf1 21. Kxf1 hxg5 22. Qxg5 Qxf6 23. Qxf6 gxf6 24. Nf4 Rd8 25. Rd1 Kh7 26. b4 Nce7 27. Ke2 Ng6 28. Rh1+ Kg8 29. Nh5 Re8+ 30. Kd3 Re6 31. Re1 Ra6 32. a4 Kf8 33. a5 Ng7 34. Nxg7 Kxg7 35. Re8 b6 36. Kc3 Nf4 37. Ra8 Ne6 38. Nh4 bxc5 39. dxc5 Nf4 40. Nf5+ Kh7 41. Nd4 Nh3 42. f3 Ng5 43. Rc8 Ne6 44. Nxe6 fxe6 45. Rxc7+ Kg6 46. Kd4 Kf5 47. c6 Kf4 48. Kc5 1-0

[Event "Stare Mesto op"]
[Site "Stare Mesto"]
[Date "2019.08.22"]
[Round "6"]
[White "Paulus, Vaclav"]
[Black "Folk, Petr"]
[Result "1-0"]
[WhiteElo "1963"]
[BlackElo "2184"]
[PlyCount "75"]
[EventDate "2019.08.17"]
[EventType "swiss"]
[EventRounds "9"]
[EventCountry "CZE"]
[SourceTitle "EXT 2020"]
[Source "ChessBase"]
[SourceDate "2019.10.17"]
[SourceVersion "1"]
[SourceVersionDate "2019.10.17"]
[SourceQuality "1"]

1. e4 c5 2. c3 Nf6 3. e5 Nd5 4. d4 cxd4 5. Nf3 Nc6 6. cxd4 d6 7. Bc4 Nb6 8. Bb5 Bd7 9. Nc3 dxe5 10. dxe5 g6 11. 0-0 Bg7 12. Qe2 0-0 13. Rd1 Qc7 14. Bf4 Bg4 15. Bxc6 Qxc6 16. Rac1 Bxf3 17. gxf3 Qc4 18. Qxc4 Nxc4 19. Rd7 e6 20. Re1 Rab8 21. Re4 Nb6 22. Rd6 h6 23. Be3 Rfd8 24. Bxb6 Rxd6 25. exd6 axb6 26. Rb4 Kf8 27. Rxb6 Bd4 28. Rb3 Ke8 29. Nb5 Be5 30. Rd3 Bxb2 31. d7+ Ke7 32. Nd6 Rd8 33. Nc8+ Kf6 34. Rb3 Rxd7 35. Rxb2 Rc7 36. Nd6 Ke5 37. Nxb7 Kf4 38. Kg2 1-0